000 00784nam a2200253 i 4500
001 000029443
003 DO-SdBNP
005 20260204090833.0
008 110415s1969 dr 000 0 spa d
040 _aDO-SdBNP
_bspa
_cBNPHU
_erda
041 _hspa
082 4 _a395
_bC232m
_222
100 1 _aCarreño, Manuel Antonio
_eautor
_9400
_4aut.
245 1 0 _aManual de urbanidad y buenas maneras /
_cManuel Antonio Carreño.
264 4 _aSanto Domingo :
_bLibreria Dominicana,
_c1969.
300 _a135 páginas ;
_c20 cm.
336 _atexto
_btxt
_2rdacontent
337 _asin mediación
_bn
_2rdamedia
338 _avolumen
_bnc
_2rdacarrier
650 0 _aEtiqueta
_xManuales
_9402
650 0 _aCortesía
_xManuales
_9401
650 0 _aRelaciones humanas
_9606
942 _2ddc
_cLBS1
999 _c28935
_d28935